000 01169nam a22003257a 4500
003 CHAP
005 20220329133624.0
008 971013s1991 r 00010 d
010 _a8688
011 _a9660
035 _a8895
040 _cCHAP
090 _aFolleto 14040
100 0 0 _aAguirre Diaz, Heriberto.
_92972
245 _aCalidad de estación de Pinus rudis Endl. en San Miguel Aloapan, Oaxaca
260 _aSanto Domingo Barrio Bajo, Oax. :
_bINIFAP. Campo Experimental Valles Centrales,
_c1991
300 _a36 p.
_b: ilus
490 _aINIFAP. Campo Experimental Valles Centrales. Folleto técnico
_v; 1
590 _aBATCH-UPD
_b10
_c20130110
_lUCH01
_h1751
590 _aBATCH-UPD
_b10
_c20130410
_lUCH01
_h1129
590 _aBATCH-UPD
_b10
_c20130914
_lUCH01
_h1644
590 _aCONVERSION
_b10
_c20130109
_lUCH01
_h1306
650 1 4 _aPináceas
_xOaxaca.
_988256
650 1 4 _aPinus rudis.
_988364
830 0 _aINIFAP. Campo Experimental Valles Centrales. Folleto técnico
_v; 1
_958691
901 _aBK
942 _cFOLL
949 _aFolleto 14040
_bBC
_cFOLL
_d-19285
_eTS1
_i8895
_mD
_si
949 _aFolleto 14040
_bBC
_cFOLL
_d-54168
_eTS2
_fc.2
_i8895
_si
999 _c8688
_d8688